| 000 | 00576nam a2200181 i 4500 | ||
|---|---|---|---|
| 001 | bg | ||
| 100 | 1 | _aFLEMING, John F. | |
| 245 | 0 |
_aStructural engineering analysis computers : _bwith working programs for IBM PC and compatible systems / _cJohn F. Fleming. |
|
| 260 |
_aNew York [i in.] : _bMcGraw-Hill Book Co, _c1986. |
||
| 300 |
_aXI, 210 s. : _brys., wykr. ; _c24 cm + _edyskietka. |
||
| 020 | _a0070213003 | ||
| 040 | _cBPK | ||
| 041 | _apol | ||
| 080 | _a624:681.322.06:519.68 | ||
| 920 | _a0-07-021300-3 | ||
| 942 | _cKS | ||
| 008 | s pl f |000 0 pol | ||
| 999 |
_c23706 _d23706 |
||
| 856 |
_uhttp://koha.tu.koszalin.pl/cgi-bin/koha/opac-detail.pl?biblionumber=23706 _yKatalog online BPK |
||